Geboren in Augsburg - Statistiken

Allgemein
  • Dieses Quiz wurde 148 mal gespielt
    30 seit der letzten Aktualisierung
  • Das Durchschnittsergebnis liegt bei 6 aus 19
Antwortstatistiken
Hinweis Antwort % Korrekt
seinerzeit reichster Kaufmann Europas, sein Name wird bis heute mit Augsburg in Verbindung gebracht 1459 Jakob Fugger
93%
Schriftsteller und Begründer des Epischen Theaters, "Die Dreigroschenoper" "Der gute Mensch von Sezuan" 1898 Bertolt Brecht
82%
Komponist und Vater eines weltberühmten "Wunderkindes" 1719 Leopold Mozart
68%
früherer Fußballnationalspieler, (Augsburg, Bologna, Juventus Turin) 1939 Helmut Haller
61%
Sänger, "Auf uns" "Alles nur in meinem Kopf" 1983 Andreas Bourani
46%
FDP-Politiker, früherer Vizekanzler, Hauptakteur der "Briefbogenaffäre", starb bei einem Fallschirmsprung 1945 Jürgen Möllemann
46%
früherer Fußballnationalspieler, (Bacelona, Real Madrid) 1959 Bernd Schuster
36%
Schauspieler, "Kirschbluten- Hanami" "Der Kommissar" 1944 Elmar Wepper
32%
früherer Fußballer und erfolgreicher Trainer, (Augsburg, Eintracht Frankfurt) 1961 Armin Veh
18%
"Erfinder der Lindenstraße" 1941 Hans W. Geißendörfer
18%
Eishockeynationalspieler, Minnesota Wild 1995 Nico Sturm
18%
ehemaliger Tennisspieler, erreichte 2012 das Viertelfinale in Wimbledon 1983 Philipp Kohlschreiber
18%
Kanute, Silber- und Bronzemedaillensieger im Kanuslalom bei den Olympischen Spielen 1990 Sideris Tasiadis
11%
dreifacher Motorrad-Weltmeister 1927 Werner Haas
11%
Radrennfahrer für das Team Intermarché-Wanty 1997 Georg Zimmermann
7%
Unternehmerin und langjährige Chefin von Columbia Sportswear 1924 Gert Boyle
4%
deutsch-schwedischer Chemienobelpreisträger 1873 Hans Karl von Euler-Chelpin
4%
US-amerikanische Schauspielerin, "Batwoman" "High Potential" 1987 Javicia Leslie
4%
CNN-Journalist und Fernsehmoderator 1948 Wolf Blitzer
4%
Keine übereinstimmenden Quizze gefunden
Verteilung der Resultate
Anzahl Personen mit jedem Resultat
Perzentil nach korrekt beantworteten Fragen
Ihre Resultats-Entwicklung
Sie haben dieses Quiz seit der letzten Aktualisierung nicht gespielt